<?xml version="1.0" encoding="UTF-8"?>
<marc:record xmlns:marc="http://www.loc.gov/MARC21/slim" type="Bibliographic">
   <marc:leader>00000pam a2200000 c 4500</marc:leader>
   <marc:controlfield tag="001">973485701</marc:controlfield>
   <marc:controlfield tag="003">DE-101</marc:controlfield>
   <marc:controlfield tag="005">20171203174124.0</marc:controlfield>
   <marc:controlfield tag="007">tu</marc:controlfield>
   <marc:controlfield tag="008">050119s2005    gw ||||| |||| 00||||ger  </marc:controlfield>
   <marc:datafield ind1=" " ind2=" " tag="015">
      <marc:subfield code="a">05,A36,1466</marc:subfield>
      <marc:subfield code="z">05,N07,1472</marc:subfield>
      <marc:subfield code="2">dnb</marc:subfield>
   </marc:datafield>
   <marc:datafield ind1="7" ind2=" " tag="016">
      <marc:subfield code="2">DE-101</marc:subfield>
      <marc:subfield code="a">973485701</marc:subfield>
   </marc:datafield>
   <marc:datafield ind1=" " ind2=" " tag="020">
      <marc:subfield code="a">9783937001517</marc:subfield>
      <marc:subfield code="c">kart. : EUR 9.50</marc:subfield>
      <marc:subfield code="9">978-3-937001-51-7</marc:subfield>
   </marc:datafield>
   <marc:datafield ind1=" " ind2=" " tag="020">
      <marc:subfield code="a">3937001514</marc:subfield>
      <marc:subfield code="c">kart. : EUR 9.50</marc:subfield>
      <marc:subfield code="9">3-937001-51-4</marc:subfield>
   </marc:datafield>
   <marc:datafield ind1="3" ind2=" " tag="024">
      <marc:subfield code="a">9783937001517</marc:subfield>
   </marc:datafield>
   <marc:datafield ind1=" " ind2=" " tag="035">
      <marc:subfield code="a">(DE-599)DNB973485701</marc:subfield>
   </marc:datafield>
   <marc:datafield ind1=" " ind2=" " tag="035">
      <marc:subfield code="a">(OCoLC)265670275</marc:subfield>
   </marc:datafield>
   <marc:datafield ind1=" " ind2=" " tag="040">
      <marc:subfield code="a">1245</marc:subfield>
      <marc:subfield code="b">ger</marc:subfield>
      <marc:subfield code="c">DE-101</marc:subfield>
      <marc:subfield code="d">9999</marc:subfield>
   </marc:datafield>
   <marc:datafield ind1=" " ind2=" " tag="041">
      <marc:subfield code="a">ger</marc:subfield>
   </marc:datafield>
   <marc:datafield ind1=" " ind2=" " tag="044">
      <marc:subfield code="c">XA-DE-RP</marc:subfield>
   </marc:datafield>
   <marc:datafield ind1="7" ind2="4" tag="082">
      <marc:subfield code="a">830</marc:subfield>
      <marc:subfield code="a">B</marc:subfield>
      <marc:subfield code="q">DE-101</marc:subfield>
      <marc:subfield code="2">22sdnb</marc:subfield>
   </marc:datafield>
   <marc:datafield ind1=" " ind2=" " tag="090">
      <marc:subfield code="a">b</marc:subfield>
   </marc:datafield>
   <marc:datafield ind1="1" ind2=" " tag="100">
      <marc:subfield code="0">(DE-588)114994897</marc:subfield>
      <marc:subfield code="0">http://d-nb.info/gnd/114994897</marc:subfield>
      <marc:subfield code="0">(DE-101)114994897</marc:subfield>
      <marc:subfield code="a">Berndorf, Jacques</marc:subfield>
      <marc:subfield code="d">1936-</marc:subfield>
      <marc:subfield code="e">Verfasser</marc:subfield>
      <marc:subfield code="4">aut</marc:subfield>
   </marc:datafield>
   <marc:datafield ind1="0" ind2="0" tag="245">
      <marc:subfield code="a">&#x98;Der&#x9c; letzte Agent</marc:subfield>
      <marc:subfield code="b">[ein Siggi-Baumeister-Krimi]</marc:subfield>
      <marc:subfield code="c">Jacques Berndorf</marc:subfield>
   </marc:datafield>
   <marc:datafield ind1=" " ind2=" " tag="250">
      <marc:subfield code="a">1. Aufl.</marc:subfield>
   </marc:datafield>
   <marc:datafield ind1=" " ind2=" " tag="259">
      <marc:subfield code="a">11</marc:subfield>
   </marc:datafield>
   <marc:datafield ind1=" " ind2="1" tag="264">
      <marc:subfield code="a">Hillesheim</marc:subfield>
      <marc:subfield code="b">KBV-Verl.- und Medienges.</marc:subfield>
      <marc:subfield code="c">2005</marc:subfield>
   </marc:datafield>
   <marc:datafield ind1=" " ind2=" " tag="300">
      <marc:subfield code="a">280 S.</marc:subfield>
      <marc:subfield code="c">18 cm</marc:subfield>
   </marc:datafield>
   <marc:datafield ind1=" " ind2=" " tag="336">
      <marc:subfield code="a">Text</marc:subfield>
      <marc:subfield code="b">txt</marc:subfield>
      <marc:subfield code="2">rdacontent</marc:subfield>
   </marc:datafield>
   <marc:datafield ind1=" " ind2=" " tag="337">
      <marc:subfield code="a">ohne Hilfsmittel zu benutzen</marc:subfield>
      <marc:subfield code="b">n</marc:subfield>
      <marc:subfield code="2">rdamedia</marc:subfield>
   </marc:datafield>
   <marc:datafield ind1=" " ind2=" " tag="338">
      <marc:subfield code="a">Band</marc:subfield>
      <marc:subfield code="b">nc</marc:subfield>
      <marc:subfield code="2">rdacarrier</marc:subfield>
   </marc:datafield>
   <marc:datafield ind1="1" ind2=" " tag="490">
      <marc:subfield code="a">KBV-Krimi</marc:subfield>
      <marc:subfield code="v">134</marc:subfield>
   </marc:datafield>
   <marc:datafield ind1=" " ind2=" " tag="520">
      <marc:subfield code="a">Der Journalist Siggi Baumeister hat alle Hände voll zu tun. Nicht nur mit der gräßlich zugerichteten Leiche, die er im Eifelwald findet, gewis-sermaßen fast vor seiner Haustür. Auch eine resolute alte Dame aus Berlin tritt plötzlich auf den Plan und stellt sich als seine Tante Anni vor. Baumeister hat noch nie von ihr gehört. Und schließlich entpuppt sie sich als eine mit allen Wassern gewaschene Frau vom Fach, eine pensionierte Kripo-Kommissarin. Baumeister kann jede Hilfe gebrauchen, denn die Fährte, die er verfolgt, führt ihn direkt zu einem alten Stasi-Komplott, das man erschreckend wendig der neuen politischen Situation angepasst hat. Nur eines hat man beim alten belassen: die Entschlossenheit, lästige Störenfriede gnadenlos zu liquidieren ...</marc:subfield>
   </marc:datafield>
   <marc:datafield ind1=" " ind2=" " tag="653">
      <marc:subfield code="a">(VLB-FS)Krimi Eifel Agent DDR</marc:subfield>
   </marc:datafield>
   <marc:datafield ind1=" " ind2=" " tag="653">
      <marc:subfield code="a">(VLB-PF)BC: Paperback</marc:subfield>
   </marc:datafield>
   <marc:datafield ind1=" " ind2=" " tag="653">
      <marc:subfield code="a">(VLB-WI)2: Taschenbuch</marc:subfield>
   </marc:datafield>
   <marc:datafield ind1=" " ind2=" " tag="653">
      <marc:subfield code="a">(VLB-WG)120: Belletristik / Kriminalromane</marc:subfield>
   </marc:datafield>
   <marc:datafield ind1=" " ind2=" " tag="653">
      <marc:subfield code="a">(BISAC Subject Heading)FIC050000</marc:subfield>
   </marc:datafield>
   <marc:datafield ind1="0" ind2="8" tag="776">
      <marc:subfield code="i">Online-Ausg.</marc:subfield>
      <marc:subfield code="a">Berndorf, Jacques</marc:subfield>
      <marc:subfield code="t">&#x98;Der&#x9c; letzte Agent</marc:subfield>
      <marc:subfield code="d">Hillesheim : KBV Verlags- &amp; Medien, 2013</marc:subfield>
      <marc:subfield code="h">Online-Ressource</marc:subfield>
      <marc:subfield code="w">(DE-101)102986425X</marc:subfield>
   </marc:datafield>
   <marc:datafield ind1=" " ind2="0" tag="830">
      <marc:subfield code="a">KBV-Krimi</marc:subfield>
      <marc:subfield code="v">134</marc:subfield>
      <marc:subfield code="w">(DE-101)979019079</marc:subfield>
      <marc:subfield code="w">(DE-600)2227743-2</marc:subfield>
      <marc:subfield code="9">3134</marc:subfield>
      <marc:subfield code="7">as</marc:subfield>
   </marc:datafield>
   <marc:datafield ind1=" " ind2=" " tag="850">
      <marc:subfield code="a">DE-101a</marc:subfield>
      <marc:subfield code="a">DE-101b</marc:subfield>
   </marc:datafield>
   <marc:datafield ind1="r" ind2=" " tag="925">
      <marc:subfield code="a">ra</marc:subfield>
   </marc:datafield>
</marc:record>
